ბათუმის შოთა რუსთაველის სახელმწიფო უნივერსიტეტის ბიბლიოთეკა

თხზულებანი ოთხ ტომად. ტ.3 (ბიბ.ჩანაწერი № 42499)

000 -LEADER
fixed length control field 00925nam a2200229Ia 4500
001 - CONTROL NUMBER
control field 9196
003 - CONTROL NUMBER IDENTIFIER
control field GE_BSU
008 - FIXED-LENGTH DATA ELEMENTS--GENERAL INFORMATION
fixed length control field 181216s||||||||xx |||||||||||||| ||und||
040 ## - CATALOGING SOURCE
Transcribing agency GE_BSU
080 ## - UNIVERSAL DECIMAL CLASSIFICATION NUMBER
Universal Decimal Classification number 821.353.1–1+821.353.1-32
100 ## - MAIN ENTRY--PERSONAL NAME
Personal name ლორთქიფანიძე,კონსტანტინე
245 ## - TITLE STATEMENT
Title თხზულებანი ოთხ ტომად. ტ.3
245 ## - TITLE STATEMENT
Remainder of title გაუმარჯოს დონკიხოტს. მოთხრობები, რჩეული თარგმანები
245 ## - TITLE STATEMENT
Statement of responsibility, etc. რედ.შ.ნიშნიანიძე.მხატვ.თ.სამსონაძე
260 ## - PUBLICATION, DISTRIBUTION, ETC.
Place of publication, distribution, etc. თბილისი
260 ## - PUBLICATION, DISTRIBUTION, ETC.
Name of publisher, distributor, etc. საბჭ.მწერალი
260 ## - PUBLICATION, DISTRIBUTION, ETC.
Date of publication, distribution, etc. 1972
300 ## - PHYSICAL DESCRIPTION
Extent 612გვ.20სმ.
653 ## - INDEX TERM--UNCONTROLLED
Uncontrolled term გაუმარჯოს დონკიხოტს
653 ## - INDEX TERM--UNCONTROLLED
Uncontrolled term მოთხრობები
942 ## - ADDED ENTRY ELEMENTS (KOHA)
Koha item type წიგნი
ეგზემპლარები
Withdrawn status Lost status Damaged status Not for loan Date acquired Barcode Date last seen Price effective from Koha item type Public note
        2018-12-17 32010 2018-12-17 2018-12-17 წიგნი  
        2018-12-17 32011 2018-12-17 2018-12-17 წიგნი  
        2018-12-17 22299 2018-12-17 2018-12-17 წიგნი აგრარული ტექ.ფაკ.
        2018-12-17 22300 2018-12-17 2018-12-17 წიგნი აგრარული ტექ.ფაკ.